000 00493nam a2200181Ia 4500
008 230917s9999||||xx |||||||||||||| ||und||
020 _cRS 395.00
040 _e5006748
_aMAIN
041 _aEnglish
082 _a320.50954 M896H(2)
100 _aMukherjee Subrata
245 0 _aHistory of political thought: Plato to Marx
250 _a2nd ed.
260 _aDelhi
_bPHI Learning
_c2021
300 _axii, 563 p.
500 _a4367 14/01/2022 IF22/1059 15/01/2022 Main Budget
942 _cBK
999 _c4490
_d4490